Alive in the wild. (Record no. 501)

MARC details
000 -LEADER
fixed length control field 00652nam a2200241 4500
005 - DATE AND TIME OF LATEST TRANSACTION
control field 20260322212022.0
008 - FIXED-LENGTH DATA ELEMENTS--GENERAL INFORMATION
fixed length control field data
010 ## - LIBRARY OF CONGRESS CONTROL NUMBER
LC control number 77081581
020 ## - INTERNATIONAL STANDARD BOOK NUMBER
International Standard Book Number 0130221600
020 ## - INTERNATIONAL STANDARD BOOK NUMBER
International Standard Book Number 9780130221605
040 ## - CATALOGING SOURCE
Original cataloging agency DLC
Transcribing agency DLC
Modifying agency DLC
050 00 - LIBRARY OF CONGRESS CALL NUMBER
Classification number QL50
Item number .C23 1970
082 00 - DEWEY DECIMAL CLASSIFICATION NUMBER
Classification number 596
092 ## - LOCALLY ASSIGNED DEWEY CALL NUMBER (OCLC)
Classification number 596 C23 1970
001 - CONTROL NUMBER
control field data
245 00 - TITLE STATEMENT
Title Alive in the wild.
Statement of responsibility, etc. edited by Victor Harrison Cahalane & Robert Candy.
260 ## - PUBLICATION, DISTRIBUTION, ETC.
Place of publication, distribution, etc. Englewood Cliffs, N.J.,
Name of publisher, distributor, etc. Prentice-Hall
Date of publication, distribution, etc. [1970]
300 ## - PHYSICAL DESCRIPTION
Extent ix, 244 p.
Other physical details illus., map.
Dimensions 26 cm.
350 ## - PRICE (NR) (BK AM CF MU VM SE) [OBSOLETE]
Price 9.95
650 #0 - SUBJECT ADDED ENTRY--TOPICAL TERM
Topical term or geographic name entry element Zoology.
700 1# - ADDED ENTRY--PERSONAL NAME
Personal name Cahalane, Victor Harrison,
Dates associated with a name 1901-
700 1# - ADDED ENTRY--PERSONAL NAME
Personal name Candy, Robert,
Dates associated with a name 1920-
Relator term illus.
Holdings
Withdrawn status Lost status Damaged status Not for loan Home library Current library Shelving location Date acquired Total checkouts Full call number Barcode Date last seen Price effective from Koha item type
        Fairview Fairview General stacks 22/03/2026   596 BC0010512 22/03/2026 22/03/2026 Books